|
|
|
|
| LEADER |
00000nam0a2200000 4500 |
| 001 |
314546 |
| 005 |
20231102002705.0 |
| 010 |
|
|
|b 2000 экз.
|
| 035 |
|
|
|a (RuTPU)RU\TPU\book\339967
|
| 090 |
|
|
|a 314546
|
| 100 |
|
|
|a 20160217d1927 km y0rusy50 ca
|
| 101 |
1 |
|
|a rus
|c eng
|
| 102 |
|
|
|a RU
|
| 105 |
|
|
|a a z 000zy
|
| 200 |
1 |
|
|a Промышленная усталость
|f пер. с англ. Л. В. Щегло
|
| 210 |
|
|
|a Ленинград
|c Издательство Ленинградского Губпрофсовета
|d 1927
|
| 215 |
|
|
|a 129 с.
|c ил., табл.
|
| 317 |
|
|
|5 63413507: М-132781
|a Поступила в НТБ в 1970 г. в составе книжного собрания профессора ТПИ И. Н. Бутакова
|
| 330 |
|
|
|a Книга является сводкой исследований, которые были произведены в течение шести лет Комитетом по изучению промышленной усталости при медицинском исследовательском совете в Лондоне
|
| 606 |
1 |
|
|a Организация труда
|y Россия
|y СССР
|2 stltpush
|3 (RuTPU)RU\TPU\subj\47291
|9 66345
|
| 610 |
1 |
|
|a производительность труда
|
| 610 |
1 |
|
|a человеческий фактор
|
| 610 |
1 |
|
|a усталость
|
| 610 |
1 |
|
|a промышленность
|
| 610 |
1 |
|
|a библиотека И. Н. Бутакова
|
| 686 |
|
|
|a У9(2)242
|2 rubbk
|
| 702 |
|
1 |
|a Щегло
|b Л. В.
|4 730
|
| 801 |
|
1 |
|a RU
|b 63413507
|c 20160217
|
| 801 |
|
2 |
|a RU
|b 63413507
|c 20190806
|g RCR
|
| 942 |
|
|
|c BK
|